000 00614nam a2200229Ia 4500
003 OSt
005 20230509095347.0
008 210423s2003 xx 000 0 und d
020 _a81-87169-26-5
040 _cAL
041 _aeng
082 _a531 SOMM
100 _aSOMMERFELD (Arnold).
_9100251
245 _aMechanics: lectures on theoretical physics.
260 _aKolkata
_bLevant Books
_c2003
300 _axiv,289
_bPB
365 _b295
_cINR
650 _aClassical Mechanics
_9100252
650 _aPhysics
_9100253
906 _alectures ; Mechanics: ; physics. ; theoretical
942 _2ddc
_cBK
999 _c165516
_d165516